|
|
|
|
| LEADER |
01009nam a2200265 a 4500 |
| 001 |
c000102661 |
| 003 |
CARM |
| 005 |
19920710000000.0 |
| 008 |
751118s1975 kbj 000 1 eng d |
| 019 |
1 |
|
|a 1924901
|5 LACONCORD2021
|
| 020 |
|
|
|a 0333185218
|c L.3.75
|
| 035 |
|
|
|a (OCoLC)16282881
|5 LACONCORD2021
|
| 040 |
|
|
|a APLS
|b eng
|c APLS
|d NHOL
|
| 082 |
0 |
4 |
|a 823/.9/1F
|
| 100 |
1 |
|
|a Peters, Ellis,
|d 1913-
|
| 245 |
1 |
4 |
|a The dragon at noonday /
|c [by] Edith Pargeter.
|
| 260 |
|
|
|a London [etc.] :
|b Macmillan,
|c 1975.
|
| 300 |
|
|
|a ix,342p :
|b geneal table, map(on lining papers) ;
|c 21cm.
|
| 490 |
1 |
|
|a Brothers of Gwynedd ;
|v book 2
|
| 500 |
|
|
|a Brothers of Gwynedd, book 2.
|
| 650 |
|
0 |
|a English fiction.
|
| 800 |
1 |
|
|a Pargeter, Edith,
|d 1913-
|t Brothers of Gwynedd ;
|v book 2.
|
| 852 |
8 |
|
|b CARM
|h A2:AJ28G0
|i A02469
|p 0159618
|f BK
|
| 999 |
f |
f |
|i 3115620c-8dcc-59a6-a820-febf67f276b0
|s 36ddcb16-a83c-503b-b110-5646f048f34c
|
| 952 |
f |
f |
|p Can circulate
|a CAVAL
|b CAVAL
|c CAVAL
|d CARM 1 Store
|e A02469
|f A2:AJ28G0
|h Other scheme
|i book
|m 0159618
|